000 00728nam a2200265 i 4500
001 C2-0294573
003 PPAK
005 20180728030257.0
008 090217s2006 my a|||| ||||| | eng d
020 _a9833440371
040 _aPPAK
_beng
_cPPAK
_erda
082 0 4 _a030
_223
090 0 0 _a030
_bPET
_dRK
100 1 _aPeter, Janis,
_eauthor
245 1 0 _aEssential facts
264 1 _aKuala Lumpur :
_bEdaran Kemajuan ,
_c2006
300 _a48 pages :
_bcolour illustrations ;
_c20 cm
336 _2rdacontent
_atext
337 _2rdamedia
_aunmediated
338 _2rdacarrier
_avolume
490 1 _aScience enquire series
650 1 0 _aCuriosities and wonders
830 0 _aScience enquire series
942 _ddc
_cB
999 _c99204
_d99204